Language Quiz

Random Language or Letter Quiz
Score 0/25 Timer 06:00
6 Plays Today
Before Hint Words % Correct
'Leste' of Timor-Lesteeast → Easter
90.2%
'____ U Been Gone' (2004 hit)since → sincere
85.6%
Crooner CrosbyBing → Bering
80.8%
Ought toshould → shoulder
80.6%
Wagerbet → beret
78.1%
It follows the bridetrain → terrain
75.8%
A bit insane or a toddler's toiletpotty → pottery
68.4%
Unable to feelnumb → number
63%
Fast food staplefries → ferries
62.8%
Ayn who wrote 'The Fountainhead'Rand → errand
59.4%
Tax on liquor, for instanceexcise → exercise
55.7%
Notorious motel in filmBates → berates
55.3%
John Keats workode → erode
54.2%
Before Hint Words % Correct
Type of beef in a Reuben sandwichcorned → cornered
53.9%
Past AT&T rivalMCI → merci
52.3%
Metal strip on the neck of a guitarfret → ferret
51.2%
Submarine actiondive → derive
49.1%
Slang for an FBI agentG-Man → German
48%
Entrance to a subway station or stadiumstile → sterile
45.8%
Tuckered outspent → serpent
45.2%
Minimal precipitationtrace → terrace
39%
Lugging behindtowing → towering
38.8%
Tree house?nest → Ernest
37.7%
Killing someone, in mafia-speakoffing → offering
37.2%
Mapped out one's coursecharted → chartered
25.2%

You're not logged in!

Compare scores with friends on all Sporcle quizzes.
OR
Log In

Sporcle TV

Today on Sporcle TV


Watch our educational content, quiz creation guides, and fun videos on Sporcle TV.

Show Comments

Extras

Top Quizzes Today


Score Distribution

Paid Content

Your Account Isn't Verified!

In order to create a playlist on Sporcle, you need to verify the email address you used during registration. Go to your Sporcle Settings to finish the process.

Report this User

Report this user for behavior that violates our Community Guidelines.

Details: